| 000 | 00510nam a2200133Ia 4500 | ||
|---|---|---|---|
| 008 | 220615s9999||||xx |||||||||||||| ||und|| | ||
| 100 | _aGascoyne, Adrian||Radford, David | ||
| 245 | 0 |
_aColchester, Fortress of the War God _bAn Archaeological Assessment |
|
| 546 | _aEnglish[eng] | ||
| 650 | _aHistory||Ancient||Rome||Social Science||Archaeology||History||Europe||Great Britain | ||
| 700 | _aWise, Philip | ||
| 856 | _uhttps://library.oapen.org/bitstream/20.500.12657/54106/1/external_content.pdf | ||
| 942 | _cEB | ||
| 999 |
_c12202 _d12202 |
||